000 00610nam a2200193Ia 4500
005 20250507130148.0
008 008 250505s9999 xx 000 0 eng d
037 _aDIS
040 _aEASL
_beng
_cEASL
041 _aeng
_2eng
084 _a0000147
_qEASL
100 _aHudson Peter Joy
_9667901
245 0 _aJapanese dependence on the Middle East for its petroleum resources Dr. G. Balatchandirane
260 _aIndia
_bUnivesity of Delhi. Social Sciences. East Asian Studies (Delhi India)
_c2011
300 _a142p.
650 _aJEL
942 _cDIS
_h0000147
999 _c1318036
_d1318036